Logo BPK

Bibliografia Prac Pracowników

Politechniki Koszalińskiej

Stan warstwy wierzchniej perforowanej / (Rekord nr 6634)

Szczegóły MARC
000 -ETYKIETA REKORDU
podpole kontrolne o stałej długości 01045naa a2200229 i 4500
001 - NUMER KONTROLNY REKORDU
podpole kontrolne BPP
003 - IDENTYFIKATOR NUMERU KONTROLNEGO REKORDU
podpole kontrolne BPK
005 - DATA OSTATNIEJ MODYFIKACJI REKORDU
podpole kontrolne 20190610114327.0
008 - POLE O STAŁEJ DŁUGOŚCI - DANE KONTROLNE
podpole kontrolne o stałej długości 140708s1989 pl f |100 0 pol
040 ## - ŹRÓDŁO KATALOGOWANIA
Instytucja, która utworzyła rekord BPK
080 ## - UNIWERSALNA KLASYFIKACJA DZIESIĘTNA - UKD
UKD 621.9
100 ## - NAZWA OSOBOWA
Nazwa osobowa PLICHTA, Stanisława.
Lata pracy 1973 - 1996.
Instytucja Wyższa Szkoła Inżynierska w Koszalinie - Wydział Mechaniczny,
Wydział Zakład Obrabiarek i Obróbki Skrawaniem
245 ## - TYTUŁ/ODPOWIEDZIALNOŚĆ
Tytuł Stan warstwy wierzchniej perforowanej /
Pozostałe elementy strefy tytułu i oznaczenia odpowiedzialności Stanisława Plichta, Piotr Stępień.
260 ## - STREFA ADRESU WYDAWNICZEGO
Data publikacji, dystrybucji/powstania dokumentu 1989.
500 ## - UWAGI OGÓLNE
Tekst uwagi Dane z kartoteki bpp.
655 #0 - TERMIN INDEKSOWY - OKREŚLENIE RODZAJU/FORMY DOKUMENTU
Określnie rodzaju/formy dokumentu Materiały konferencyjne.
650 #0 - HASŁO PRZEDMIOTOWE W FORMIE NAZWY OGÓLNEJ LUB JEDNOSTKOWEJ
Nazwa ogólna lub geograficzna Inżynieria powierzchni
773 ## - TYTUŁ DOKUMENTU MACIERZYSTEGO
Wyrażenie wprowadzające W :
Tytuł XII Naukowa Szkoła Obróbki Ściernej : Materiały. -
Adres wydawniczy Poznań : Politechnika Poznańska, 1989. -
Informacje dotyczące relacji s. 195-200
700 ## - HASŁO DODATKOWE - NAZWA OSOBOWA
Nazwa osobowa STĘPIEŃ, Piotr.
Lata pracy 1975 - 1996.
Instytucja Wyższa Szkoła Inżynierska w Koszalinie - Wydział Mechaniczny,
Wydział Zakład Obrabiarek i Obróbki Skrawaniem
711 ## - HASŁO DODATKOWE - NAZWA IMPREZY
Nazwa imprezy Naukowa Szkoła Obróbki Ściernej
Oznaczenie części/sekcji dzieła (12 ;
Data imprezy 1989 ;
Miejsce imprezy Poznań - Błażejewko, Polska).
942 ## - HASŁO DODATKOWE - ELEMENTY(KOHA)
Typ dokumentu Artykuł
Schemat klasyfikacji Uniwersalna klasyfikacja dziesiętna

Brak dostępnych egzemplarzy.

© 2014 Biblioteka Politechniki Koszalińskiej :: BIBLIOGRAFIA PRAC PRACOWNIKÓW